Exposure to video games and social skills of upper school students / (Record no. 97858)
[ view plain ]
| 000 -LEADER | |
|---|---|
| fixed length control field | 00740nam a2200193 a 4500 |
| 003 - CONTROL NUMBER IDENTIFIER | |
| control field | 0 |
| 005 - DATE AND TIME OF LATEST TRANSACTION | |
| control field | 20250407112255.0 |
| 008 - FIXED-LENGTH DATA ELEMENTS--GENERAL INFORMATION | |
| fixed length control field | 071126s19uu xx 00 eng d |
| 050 ## - LIBRARY OF CONGRESS CALL NUMBER | |
| Classification number | PHS GV 1201 |
| Item number | .M37 2007 |
| 100 ## - MAIN ENTRY--PERSONAL NAME | |
| Personal name | Marcaida, Enrique Angelico A. |
| 245 ## - TITLE STATEMENT | |
| Title | Exposure to video games and social skills of upper school students / |
| Statement of responsibility, etc | Enrique Angelico A. Marcaida. |
| 260 ## - PUBLICATION, DISTRIBUTION, ETC. (IMPRINT) | |
| Place of publication, distribution, etc | Las Piñas City, Philippines : |
| Name of publisher, distributor, etc | Southville International School and Colleges, |
| Date of publication, distribution, etc | 2007. |
| 300 ## - PHYSICAL DESCRIPTION | |
| Extent | 20 pages ; |
| Dimensions | 28 cm. |
| 504 ## - BIBLIOGRAPHY, ETC. NOTE | |
| Bibliography, etc | Includes bibliographical references. |
| 650 ## - SUBJECT ADDED ENTRY--TOPICAL TERM | |
| Source of heading or term | Library of Congress Subject Headings |
| Topical term or geographic name as entry element | Social skills. |
| 650 ## - SUBJECT ADDED ENTRY--TOPICAL TERM | |
| Source of heading or term | Library of Congress Subject Headings |
| Topical term or geographic name as entry element | Video games and children. |
| 942 ## - ADDED ENTRY ELEMENTS (KOHA) | |
| Source of classification or shelving scheme | Library of Congress Classification |
| Koha item type | PASS |
| Withdrawn status | Lost status | Source of classification or shelving scheme | Damaged status | Home library | Current library | Shelving location | Date acquired | Source of acquisition | Total Checkouts | Full call number | Barcode | Date last seen | Price effective from | Koha item type |
|---|---|---|---|---|---|---|---|---|---|---|---|---|---|---|
| Library of Congress Classification | Luxembourg Library | Luxembourg Library | Portfolio Assessment of SISC Students Section | 11/26/2007 | Donation | PHS GV 1201 .M37 2007 | P1938 | 02/17/2016 | 04/08/2014 | PASS |